| 000 | 00584nam a22001697a 4500 | ||
|---|---|---|---|
| 003 | OSt | ||
| 005 | 20260217151729.0 | ||
| 008 | 260217b |||||||| |||| 00| 0 eng d | ||
| 040 | _cMRSPTU | ||
| 041 | _aEnglish | ||
| 100 | _aManoj Mahawar, Supervisor: Dr. Sanjiv Kumar Aggarwal | ||
| 245 | _aEffect of Partial Replacement of Fine Aggregate with Crumbed Rubber on Strength Properties of Concrete | ||
| 260 |
_bDepartment of Civil Engg. MRSPTU, Bathinda _c2018 |
||
| 650 | _aCivil Engineering | ||
| 856 | _uhttp://163.47.215.52:8080/jspui/handle/123456789/196 | ||
| 942 |
_2ddc _cTH _n0 |
||
| 999 |
_c10928 _d10928 |
||